LIBRARY & INFORMATION CENTRE, KCAET, TAVANUR

ONLINE PUBLIC ACCESS CATALOGUE (OPAC)

Mayil Nammude Deseeya Pakshi / (Record no. 6121)

MARC details
000 -LEADER
fixed length control field 00281cam a2200121ua 4500
082 ## - DEWEY DECIMAL CLASSIFICATION NUMBER
Classification number 590
Item number DBK/MA
100 ## - MAIN ENTRY--AUTHOR NAME
Personal name D B, Kurup .
245 ## - TITLE STATEMENT
Title Mayil Nammude Deseeya Pakshi /
250 ## - EDITION STATEMENT
Edition statement 1 /
260 ## - PUBLICATION, DISTRIBUTION, ETC. (IMPRINT)
Place of publication Thrissur :
Name of publisher Current Books ,
Year of publication 1967.
300 ## - PHYSICAL DESCRIPTION
Number of Pages 73 ; .
942 ## - ADDED ENTRY ELEMENTS (KOHA)
Koha item type Books
Holdings
Withdrawn status Lost status Damaged status Home library Current library Date acquired Full call number Accession Number Koha item type
Withdrawn     KAUAET Malayalam University 07/04/2012 590 10262 Books
free website counter